MARC details
| 000 -CABECERA |
| campo de control de longitud fija |
01614nam a22003018i 4500 |
| 001 - NÚMERO DE CONTROL |
| campo de control |
991027296479007026 |
| 003 - IDENTIFICADOR DEL NÚMERO DE CONTROL |
| campo de control |
UkOxU |
| 005 - FECHA Y HORA DE LA ÚLTIMA TRANSACCIÓN |
| campo de control |
20251003093723.0 |
| 007 - CAMPO FIJO DE DESCRIPCIÓN FÍSICA--INFORMACIÓN GENERAL |
| campo de control de longitud fija |
t| |
| 008 - DATOS DE LONGITUD FIJA--INFORMACIÓN GENERAL |
| campo de control de longitud fija |
250114s2025 enk 000 0 eng d |
| 015 ## - NÚMERO DE BIBLIOGRAFÍA NACIONAL |
| Número de bibliografía nacional |
GBC520325 |
| Fuente |
bnb |
| 016 7# - NÚMERO DE CONTROL DE UNA AGENCIA BIBLIOGRÁFICA NACIONAL |
| Número de control del registro |
300521255 |
| Fuente |
Uk |
| 020 ## - NÚMERO INTERNACIONAL ESTÁNDAR DEL LIBRO |
| Número Internacional Estándar del Libro |
9781786497680 |
| 024 8# - IDENTIFICADOR DE OTROS ESTÁNDARES |
| Número estándar o código |
CIPO000202556 |
| 035 ## - NÚMERO DE CONTROL DEL SISTEMA |
| Número de control de sistema |
(OCoLC)1518009839 |
| 035 ## - NÚMERO DE CONTROL DEL SISTEMA |
| Número de control de sistema |
(OCoLC)on1518009839 |
| 040 ## - FUENTE DE LA CATALOGACIÓN |
| Centro catalogador/agencia de origen |
UKMGB |
| Lengua de catalogación |
eng |
| Normas de descripción |
rda |
| Centro/agencia transcriptor |
UKMGB |
| Centro/agencia modificador |
OCLCO |
| -- |
AUXAM |
| -- |
UkOxU |
| 041 ## - CÓDIGO DE LENGUA |
| Código de lengua del texto/banda sonora o título independiente |
eng |
| 050 ## - SIGNATURA TOPOGRÁFICA DE LA BIBLIOTECA DEL CONGRESO |
| Número de clasificación |
CB455 |
| Número de documento/Ítem |
.B37 2024 |
| 100 ## - ENTRADA PRINCIPAL--NOMBRE DE PERSONA |
| Nombre de persona |
Barker, Hugh |
| Término indicativo de función/relación |
author |
| 9 (RLIN) |
25989 |
| 245 10 - MENCIÓN DE TÍTULO |
| Título |
Quantum leaps |
| Resto del título |
: how maths is shaping the future |
| Mención de responsabilidad, etc. |
/ Hugh Barker. |
| 260 ## - PUBLICACIÓN, DISTRIBUCIÓN, ETC. |
| Lugar de publicación, distribución, etc. |
London : |
| Nombre del editor, distribuidor, etc. |
Atlantic Books, |
| Fecha de publicación, distribución, etc. |
2025. |
| 300 ## - DESCRIPCIÓN FÍSICA |
| Extensión |
320 pages ; |
| Dimensiones |
20 cm. |
| 520 ## - SUMARIO, ETC. |
| Sumario, etc. |
From the author of Million Dollar Maths comes a fascinating and engaging look at the mathematics that lies behind our modern world.<br/><br/>How does Google know what you want to type?<br/>How did humans first reach the moon?<br/>Could we ever have a supercomputer the size of a pinhead?<br/><br/>In this thrilling numerical journey, Hugh Barker explores how mathematics has helped to build the technology of today, and the fascinating ways it is shaping the future. From green energy to 3-D printing and from quantum cryptography to machine learning, Quantum Leaps reveals the hidden mathematics in modern technology.<br/><br/>Beautifully written and full of ingenious examples, this book will make you realise how the modern world would be impossible without our formidable mathematical armoury. |
| 650 #0 - PUNTO DE ACCESO ADICIONAL DE MATERIA--TÉRMINO DE MATERIA |
| Término de materia o nombre geográfico como elemento de entrada |
Discoveries in science |
| 9 (RLIN) |
25990 |
| 650 #0 - PUNTO DE ACCESO ADICIONAL DE MATERIA--TÉRMINO DE MATERIA |
| Término de materia o nombre geográfico como elemento de entrada |
Science |
| Subdivisión general |
Mathematics |
| 9 (RLIN) |
25991 |
| 942 ## - ELEMENTOS DE ENTRADA AGREGADA (KOHA) |
| Fuente del sistema de clasificación o colocación |
Clasificación de Library of Congress |